Escuela de padres por televisión. Proyecto experimental de extensión universitaria

Αποθηκεύτηκε σε:
Λεπτομέρειες βιβλιογραφικής εγγραφής
Κύριοι συγγραφείς: González de la Fuente, Etna Helodia (autora), Sepúlveda Lagos, Jorge (Συγγραφέας)
Μορφή: Βιβλίο
Γλώσσα:Ισπανικά
Έκδοση: Valparaíso Escuela de Educación UCV 1975
Έκδοση:1a. ed
Σειρά:Cuadernos de Pedagogía, N§ 4
Θέματα:
Ετικέτες: Προσθήκη ετικέτας
Δεν υπάρχουν, Καταχωρήστε ετικέτα πρώτοι!

MARC

LEADER 00000nam a2200000 a 4500
001 UCJ7728
003 CL-VaPUC
008 070124e19750000CL |||||||||||||||||spa|d
082 0 4 |a 378  |b GON  |2 21 
100 |a González de la Fuente, Etna Helodia  |e autora  |9 753642 
700 0 |a Sepúlveda Lagos, Jorge  |e author  |9 510133 
245 1 0 |a Escuela de padres por televisión. Proyecto experimental de extensión universitaria 
250 |a 1a. ed 
300 |a 25 p 
942 |c BK 
945 |d 20070124 00:00:00  |a rinostro 
260 |a Valparaíso  |b Escuela de Educación UCV  |c 1975 
500 |a Los autores forman parte del cuerpo docente de nuestra escuela de Educación 
650 7 |a TELEVISION EDUCATIVA  |2 CL-VaPUC  |9 310717 
650 0 |a Archivo histórico PUCV  |9 255554 
650 0 |a Educación de adultos  |9 307580 
650 0 |a Académicos   |x Pontificia Universidad Católica de Valparaíso (PUCV)  |9 255553 
583 |a last modification  |c 20130912 04:23:01  |k Rodrigo Vera 
490 0 |a Cuadernos de Pedagogía, N§ 4 
999 |c 323686  |d 323684 
952 |0 0  |1 0  |4 0  |6 378_000000000000000_GON_1975  |7 0  |8 X  |9 403458  |a FDOBUD  |b FDOBUD  |d 2019-11-22  |i 1068024  |o 378 GON 1975  |p 1068024  |r 2019-11-22  |w 2019-11-22  |y BK_X  |k FHP